Kúpele Bojnice Liečebný dom Mier : vonkajší bazén Mier : zámok : vonkajší bazén Baník : Liečebný dom Baník

Zobrazenie:

Bibliographic Details
Other Authors: Tarábek, Ján, 1978- (Photographer)
Format: Photo
Language:Slovak
German
PhysicalDescription:1 pohľadnica (5 čiastkových pohľadov) farebná 15 x 11 cm
Published: [Nitra] FOTAR [2004?]
Subjects:

MARC

LEADER 00000ckm a2200000 a 4500
001 vtls001466998
003 SK-MaSNL
005 20260331204529.0
007 kf co
008 231214q2004 xo g 0kuslo
015 |a SNBG2004/01-00338 
035 |a SNK000422303 
035 |a urn:nbn:sk:snk-kmtffc 
035 |a urn:nbn:sk:snk-km003rwv 
035 |a 3332C01F-2CC6-41B2-BC4A-B881361861B7 
040 |a SNK  |b slo  |c SNK  |e AACR2 
041 0 |a slo  |a ger 
043 |a e-xo--- 
044 |a xo  |c SK 
072 7 |a 913  |x Regionálna geografia  |2 konspekt 
080 |a 913(437.6)  |2 2011 
080 |a 904(084.121)  |2 2011 
080 |a 913(437.64)(084.121)  |2 1981 
080 |a 711.455:615.838  |2 1981 
100 1 |a Tarábek, Ján,  |d 1978-  |4 pht  |9 178454 
245 1 0 |a Kúpele Bojnice  |h grafika  |b Liečebný dom Mier : vonkajší bazén Mier : zámok : vonkajší bazén Baník : Liečebný dom Baník  |c foto Ján Tarábek 
246 3 1 |a Heilbad Bojnice  |b Kurhaus Mier : Aussenbassin Mier : Schloss Bojnice : Aussenbassin Baník : Kurhaus Baník 
246 1 |i Názov na obrazovej časti:  |a Kúpele Bojnice 
246 1 |i Názov na obrazovej časti:  |a Heilbad Bojnice 
260 |a [Nitra]  |b FOTAR  |c [2004?]  |e Skalica  |f Grafobal 
300 |a 1 pohľadnica (5 čiastkových pohľadov)  |b farebná  |c 15 x 11 cm 
500 |a Na adresnej časti uvedené: "FOTO © Ing. Ján Tarábek" 
500 |a Rok vydania určený na základe prírastkového čísla 
500 |a Na adresnej časti uvedené: "Kúpele Bojnice, a.s., 972 01 Bojnice", telefónne číslo, fax, email a www stránka kúpeľov 
520 8 |a Zobrazenie: 
546 |a Súbežný názov a podnázov na adresnej časti v nemčine 
546 |a Súbežný názov na obrazovej časti v nemčine 
610 7 |a Kúpele Bojnice (Slovensko)  |2 SNKKA  |9 263585 
651 7 |a Bojnice (Slovensko)  |2 SNKPHgeo  |9 30288 
655 7 |a pohľadnice kultúrnych pamiatok  |2 SNKPH  |9 70523 
655 7 |a miestne pohľadnice  |2 SNKPH  |9 70510 
852 |a Slovenská národná knižnica 
958 |a GBN 
958 |a GC 
999 |c 902895  |d 904825 
952 |t P60, <03>, [BOOK], {603}  |a SNK  |b SNK  |y PREZ  |7 0  |p 17A0411507  |o snkSP 151694  |i snkPV 49/2004  |8 0  |0 0  |1 0  |4 0  |d 2004-01-27  |f 1  |l 0  |r 2005-01-02 00:00:00  |w 2026-02-24 
952 |t P60, <04>, [BOOK], {604}  |a SNK  |b SNK  |y PREZ  |7 0  |p 17A0411508  |o snkSP 151694 D1  |i snkPV 50/2004  |8 0  |0 0  |1 0  |4 0  |d 2004-01-27  |l 0  |r 2005-01-02 00:00:00  |w 2026-02-24